[Event "SUI-chT"]
[Site "Switzerland"]
[Date "2008.09.21"]
[Round "9.3"]
[White "Zenklusen, Rico"]
[Black "Cvitan, Ognjen"]
[Result "1/2-1/2"]
[WhiteElo "2378"]
[BlackElo "2506"]
[PlyCount "28"]
[EventDate "2008.03.02"]
[EventType "team-tourn"]
[EventRounds "9"]
[EventCountry "SUI"]
[SourceTitle "EXT 2009"]
[Source "ChessBase"]
[SourceDate "2008.11.26"]
[SourceVersion "1"]
[SourceVersionDate "2008.11.26"]
[SourceQuality "1"]
[WhiteTeam "Wollishofen"]
[BlackTeam "Riehen"]
[WhiteTeamCountry "SUI"]
[BlackTeamCountry "SUI"]

1. e4 c5 2. Nf3 e6 3. d4 cxd4 4. Nxd4 a6 5. Bd3 Nf6 6. 0-0 e5 7. Ne2 Bc5 8. Bg5 h6 9. Bxf6 Qxf6 10. Nbc3 d6 11. Nd5 Qd8 12. b4 Ba7 13. Bc4 0-0 14. Qd3 Nc6 1/2-1/2

[Event "Biel MTO op 40th"]
[Site "Biel"]
[Date "2007.08.01"]
[Round "9"]
[White "Al Sayed, Mohammed"]
[Black "Zenklusen, Rico"]
[Result "1-0"]
[WhiteElo "2469"]
[BlackElo "2392"]
[PlyCount "89"]
[EventDate "2007.07.23"]
[EventType "swiss"]
[EventRounds "11"]
[EventCountry "SUI"]
[SourceTitle "CBM 119 Extra"]
[Source "ChessBase"]
[SourceDate "2007.09.04"]
[SourceVersion "1"]
[SourceVersionDate "2007.09.04"]
[SourceQuality "1"]

1. e4 c6 2. d4 d5 3. Nd2 dxe4 4. Nxe4 Bf5 5. Ng3 Bg6 6. Nf3 Nd7 7. h4 h6 8. h5 Bh7 9. Bd3 Bxd3 10. Qxd3 e6 11. Bf4 Qa5+ 12. Bd2 Qc7 13. 0-0-0 Ngf6 14. Ne4 Nxe4 15. Qxe4 Nf6 16. Qe2 0-0-0 17. Kb1 Bd6 18. c4 c5 19. Bc3 cxd4 20. Nxd4 a6 21. g4 Rd7 22. f3 Bf4 23. Nb3 Rhd8 24. Rxd7 Qxd7 25. Nc1 Qc6 26. Nd3 Qxc4 27. Nxf4 Qxf4 28. Be5 Qb4 29. Rc1+ Kd7 30. Rc4 Qb6 31. Bc7 Qg1+ 32. Rc1 Qxc1+ 33. Kxc1 Kxc7 34. Qe5+ Kc6 35. b4 Rd6 36. g5 hxg5 37. h6 gxh6 38. Qxf6 Kb5 39. Qxf7 Kxb4 40. Qxb7+ Kc5 41. Qg7 e5 42. Qxe5+ Kc6 43. Kc2 Kd7 44. Kc3 Re6 45. Qg7+ 1-0

[Event "Liechtenstein op 25th"]
[Site "Triesen"]
[Date "2007.05.19"]
[Round "9"]
[White "Grunberg, Mihai Lucian"]
[Black "Zenklusen, Rico"]
[Result "1-0"]
[WhiteElo "2442"]
[BlackElo "2411"]
[PlyCount "149"]
[EventDate "2007.05.11"]
[EventType "swiss"]
[EventRounds "9"]
[EventCountry "LIE"]
[SourceTitle "CBM 118 Extra"]
[Source "ChessBase"]
[SourceDate "2007.07.04"]
[SourceVersion "1"]
[SourceVersionDate "2007.07.04"]
[SourceQuality "1"]

1. Nf3 Nf6 2. c4 b6 3. g3 Bb7 4. Bg2 e6 5. 0-0 Be7 6. Nc3 0-0 7. d4 Ne4 8. Bd2 f5 9. d5 Bf6 10. Qc2 Bxc3 11. Bxc3 exd5 12. Nd2 Qe7 13. cxd5 Bxd5 14. Nxe4 Bxe4 15. Bxe4 Qxe4 16. Qxe4 fxe4 17. Rfd1 d6 18. Rac1 a5 19. a3 Na6 20. b4 axb4 21. axb4 Rfd8 22. Rd4 d5 23. b5 Nc5 24. Rcd1 Ra3 25. Bb4 Rb3 26. Bxc5 bxc5 27. Rxd5 Rxd5 28. Rxd5 Rxb5 29. Re5 Kf7 30. Kg2 Kf6 31. Rxe4 Rb4 32. Kf3 c4 33. Ke3 c5 34. Re8 g5 35. Kd2 Rb1 36. h4 gxh4 37. gxh4 Kf5 38. f3 Kf4 39. Re4+ Kg3 40. Rxc4 Rb2+ 41. Kd3 Rb3+ 42. Kc2 Re3 43. Kd2 Re5 44. Rg4+ Kf2 45. Re4 Rd5+ 46. Kc3 Kg3 47. Rg4+ Kf2 48. e4 Rd1 49. Rf4 Kg3 50. Rf5 Kxh4 51. e5 h5 52. Kc4 Kg3 53. Rxh5 Kxf3 54. e6 Re1 55. Kd5 Kf4 56. Kd6 c4 57. Rc5 Re4 58. e7 Rd4+ 59. Ke6 Re4+ 60. Kf6 Ke3 61. Rxc4 Rxc4 62. e8Q+ Re4 63. Qc6 Rd4 64. Ke5 Rd3 65. Qg2 Rc3 66. Qg1+ Kd2 67. Qf2+ Kc1 68. Kd4 Rb3 69. Qa2 Rb2 70. Qa1+ Kc2 71. Kc4 Rb8 72. Qc3+ Kb1 73. Qh3 Rb2 74. Qh1+ Ka2 75. Qd1 1-0

[Event "Liechtenstein op 25th"]
[Site "Triesen"]
[Date "2007.05.18"]
[Round "8"]
[White "Zenklusen, Rico"]
[Black "Stasans, Aivars"]
[Result "1-0"]
[WhiteElo "2411"]
[BlackElo "2244"]
[PlyCount "79"]
[EventDate "2007.05.11"]
[EventType "swiss"]
[EventRounds "9"]
[EventCountry "LIE"]
[SourceTitle "CBM 118 Extra"]
[Source "ChessBase"]
[SourceDate "2007.07.04"]
[SourceVersion "1"]
[SourceVersionDate "2007.07.04"]
[SourceQuality "1"]

1. e4 e5 2. Nf3 Nc6 3. Bb5 Bc5 4. c3 f5 5. d4 fxe4 6. Bxc6 dxc6 7. Nxe5 Qd5 8. 0-0 Nf6 9. Bf4 Bd6 10. c4 Qe6 11. c5 0-0 12. Nc3 Ng4 13. Bg3 Bxe5 14. dxe5 Nxe5 15. Re1 Qf5 16. Rxe4 Nf7 17. Qd4 b6 18. b4 a5 19. cxb6 cxb6 20. Qxb6 Ra6 21. Qe3 axb4 22. Rxb4 Ra3 23. Re1 h6 24. h4 Ba6 25. Rb3 Rxb3 26. axb3 Qa5 27. Ne4 Qd5 28. Nc5 Bc8 29. Qe7 Bf5 30. Ra1 Qd8 31. Qe3 Re8 32. Qc3 Qe7 33. Ra6 Rc8 34. b4 Kh7 35. Rb6 Nd6 36. Qf3 Bd7 37. Qd3+ Bf5 38. Qxd6 Qe1+ 39. Kh2 Re8 40. Rb7 1-0

[Event "Liechtenstein op 25th"]
[Site "Triesen"]
[Date "2007.05.13"]
[Round "3"]
[White "Fox, Pierre"]
[Black "Zenklusen, Rico"]
[Result "0-1"]
[WhiteElo "1832"]
[BlackElo "2411"]
[PlyCount "50"]
[EventDate "2007.05.11"]
[EventType "swiss"]
[EventRounds "9"]
[EventCountry "LIE"]
[SourceTitle "CBM 118 Extra"]
[Source "ChessBase"]
[SourceDate "2007.07.04"]
[SourceVersion "1"]
[SourceVersionDate "2007.07.04"]
[SourceQuality "1"]

1. d4 Nf6 2. c4 e6 3. Nc3 Bb4 4. f3 d5 5. a3 Bxc3+ 6. bxc3 c5 7. cxd5 Nxd5 8. dxc5 Qa5 9. e4 Ne7 10. Be3 0-0 11. Qb3 Nec6 12. Bb5 Nd7 13. Ne2 a6 14. Bxc6 bxc6 15. Qb4 Qc7 16. a4 a5 17. Qa3 Ba6 18. Nd4 Ne5 19. Ne2 Rab8 20. Rd1 Nc4 21. Qc1 Nb2 22. Bf4 e5 23. Bg3 Nxd1 24. Qxd1 Rb2 25. Nd4 Qb7 0-1

[Event "SUI-chT"]
[Site "Switzerland"]
[Date "2006.10.01"]
[Round "9.5"]
[White "Zenklusen, Rico"]
[Black "Vezzosi, Paolo"]
[Result "1-0"]
[WhiteElo "2342"]
[BlackElo "2321"]
[PlyCount "101"]
[EventDate "2006.02.26"]
[EventType "team-tourn"]
[EventRounds "9"]
[EventCountry "SUI"]
[SourceTitle "EXT 2007"]
[Source "ChessBase"]
[SourceDate "2006.11.23"]
[SourceVersion "1"]
[SourceVersionDate "2006.11.23"]
[SourceQuality "1"]
[WhiteTeam "Wollishofen"]
[BlackTeam "Mendrisio"]
[WhiteTeamCountry "SUI"]
[BlackTeamCountry "SUI"]

1. e4 c5 2. Nf3 Nc6 3. d4 cxd4 4. Nxd4 Nf6 5. Nc3 e5 6. Ndb5 d6 7. a4 Be7 8. Bg5 a6 9. Bxf6 gxf6 10. Na3 f5 11. Bd3 fxe4 12. Bxe4 0-0 13. Nc4 f5 14. Bd5+ Kh8 15. 0-0 Bd7 16. a5 Rb8 17. f4 Qc7 18. Rf3 Nd4 19. Rh3 Be8 20. Kh1 Bf6 21. Na4 exf4 22. Nab6 Bg6 23. c3 Nb5 24. Qd3 Rbe8 25. Rf3 Bg5 26. Rff1 Qg7 27. Rae1 Re7 28. Rxe7 Qxe7 29. Qf3 Rb8 30. Qf2 Re8 31. Qf3 Rb8 32. Qf2 Re8 33. Nd2 Bh5 34. Bf3 Bh4 35. Qg1 Bxf3 36. Nxf3 Bf6 37. Nd5 Qf7 38. Nxf6 Qxf6 39. c4 Nc7 40. Qb6 Ne6 41. Re1 Qe7 42. Nd4 Qd7 43. Nxe6 Rxe6 44. Qd4+ Kg8 45. Qd5 Kf7 46. Qxf5+ Ke7 47. Qxh7+ Kf8 48. Qh8+ Kf7 49. Qh7+ Kf8 50. Qf5+ Ke7 51. Qxe6+ 1-0

[Event "Lausanne Masters-Hopefuls 7th"]
[Site "Lausanne"]
[Date "2006.09.15"]
[Round "5"]
[White "Michiels, Bart"]
[Black "Zenklusen, Rico"]
[Result "1-0"]
[WhiteElo "2455"]
[BlackElo "2348"]
[PlyCount "131"]
[EventDate "2006.09.13"]
[EventType "tourn"]
[EventRounds "9"]
[EventCountry "SUI"]
[EventCategory "7"]
[SourceTitle "CBM 114 Extra"]
[Source "ChessBase"]
[SourceDate "2006.11.03"]
[SourceVersion "1"]
[SourceVersionDate "2006.11.03"]
[SourceQuality "1"]

1. e4 c6 2. d4 d5 3. Nc3 dxe4 4. Nxe4 Bf5 5. Ng3 Bg6 6. h4 h6 7. Nf3 Nd7 8. h5 Bh7 9. Bd3 Bxd3 10. Qxd3 e6 11. Bd2 Ngf6 12. 0-0-0 Be7 13. Kb1 0-0 14. Ne4 Nxe4 15. Qxe4 Nf6 16. Qe2 Qd5 17. c4 Qe4+ 18. Qxe4 Nxe4 19. Be3 Rfd8 20. Ne5 c5 21. dxc5 Bxc5 22. Bxc5 Nxc5 23. f3 a5 24. Kc2 Kf8 25. g4 Ke7 26. Rhe1 Rac8 27. b3 Nd7 28. Nxd7 Rxd7 29. Rxd7+ Kxd7 30. Rd1+ Ke7 31. Kc3 Rc5 32. a3 Re5 33. b4 axb4+ 34. axb4 b6 35. Kd4 Rg5 36. Ra1 f5 37. f4 Rxg4 38. Ke5 Kd7 39. Ra7+ Kc6 40. Re7 Rh4 41. Rxe6+ Kc7 42. b5 Rxh5 43. Re7+ Kb8 44. Rxg7 Rh1 45. Kxf5 h5 46. Rh7 h4 47. Rh6 Kb7 48. Kg4 Rc1 49. Rc6 Rf1 50. c5 bxc5 51. Rxc5 Kb6 52. Rh5 Rf2 53. Rxh4 Kxb5 54. Rh1 Rg2+ 55. Kf3 Rg8 56. f5 Kc6 57. Rd1 Rf8 58. Kf4 Ra8 59. Kg5 Rg8+ 60. Kf6 Rg2 61. Kf7 Rf2 62. f6 Rf3 63. Kg7 Rg3+ 64. Kf8 Rg6 65. Ke7 Rg2 66. Re1 1-0

[Event "Zug Young Masters 12th"]
[Site "Zug"]
[Date "2005.10.08"]
[Round "1"]
[White "Seps, Monika"]
[Black "Zenklusen, Rico"]
[Result "1-0"]
[WhiteElo "2200"]
[BlackElo "2340"]
[PlyCount "55"]
[EventDate "2005.10.08"]
[EventType "tourn"]
[EventRounds "9"]
[EventCountry "SUI"]
[EventCategory "4"]
[SourceTitle "CBM 108 Extra"]
[Source "ChessBase"]
[SourceDate "2005.11.04"]
[SourceVersion "1"]
[SourceVersionDate "2005.11.04"]
[SourceQuality "1"]

1. e4 c6 2. d4 d5 3. Nc3 dxe4 4. Nxe4 Nd7 5. Ng5 Ngf6 6. Bd3 e6 7. N1f3 Bd6 8. Qe2 h6 9. Ne4 Nxe4 10. Qxe4 Qc7 11. 0-0 b6 12. Qg4 Kf8 13. Re1 Bb7 14. Qh3 c5 15. c3 Re8 16. Be4 Bxe4 17. Rxe4 Nf6 18. Re2 Kg8 19. Bd2 g6 20. Rae1 Kg7 21. dxc5 Qxc5 22. Ne5 Rd8 23. Bf4 Nh5 24. Be3 Qc7 25. Bd4 Nf4 26. Nxg6+ Kxg6 27. Qg4+ Kh7 28. Qg7# 1-0

[Event "SUI-ch int"]
[Site "Saas Almagell"]
[Date "2005.07.14"]
[Round "8"]
[White "Zenklusen, Rico"]
[Black "Klauser, Markus"]
[Result "1/2-1/2"]
[WhiteElo "2325"]
[BlackElo "2404"]
[PlyCount "56"]
[EventDate "2005.07.07"]
[EventType "swiss"]
[EventRounds "9"]
[EventCountry "SUI"]
[SourceTitle "CBM 107 Extra"]
[Source "ChessBase"]
[SourceDate "2005.09.01"]
[SourceVersion "1"]
[SourceVersionDate "2005.09.01"]
[SourceQuality "1"]

1. e4 c5 2. Nf3 e6 3. d4 cxd4 4. Nxd4 Nc6 5. Nc3 d6 6. Be2 Nf6 7. 0-0 Be7 8. Be3 0-0 9. f4 e5 10. fxe5 dxe5 11. Nf5 Bxf5 12. Rxf5 Qc7 13. Kh1 Rad8 14. Bd3 Nd4 15. Rf1 a6 16. Bg5 Nb5 17. Nxb5 axb5 18. Bxf6 Bxf6 19. Qe2 b4 20. a3 bxa3 21. Rxa3 Bg5 22. Rfa1 Bf4 23. Qf2 Qc6 24. Ra5 Qh6 25. g3 b6 26. Ra7 Be3 27. Qf3 f6 28. Bc4+ Kh8 1/2-1/2

[Event "SUI-ch int"]
[Site "Saas Almagell"]
[Date "2005.07.11"]
[Round "5"]
[White "Gaehler, Marco"]
[Black "Zenklusen, Rico"]
[Result "0-1"]
[WhiteElo "2208"]
[BlackElo "2325"]
[PlyCount "74"]
[EventDate "2005.07.07"]
[EventType "swiss"]
[EventRounds "9"]
[EventCountry "SUI"]
[SourceTitle "CBM 107 Extra"]
[Source "ChessBase"]
[SourceDate "2005.09.01"]
[SourceVersion "1"]
[SourceVersionDate "2005.09.01"]
[SourceQuality "1"]

1. e4 c6 2. d4 d5 3. Nc3 dxe4 4. Nxe4 Nf6 5. Nxf6+ gxf6 6. Qd3 Bg4 7. Ne2 Bh5 8. Nf4 Bg6 9. Nxg6 hxg6 10. Bf4 e6 11. 0-0-0 Bg7 12. Qa3 Nd7 13. Bg3 f5 14. Kb1 Qb6 15. c3 0-0-0 16. Bc4 Bf8 17. Qb3 Qxb3 18. Bxb3 g5 19. f3 Nf6 20. Be5 Be7 21. g4 f4 22. h4 Rxh4 23. Rxh4 gxh4 24. Rh1 Nd5 25. Bxd5 cxd5 26. Bxf4 Rh8 27. Rh3 Kd7 28. Kc2 f5 29. Kd3 fxg4 30. fxg4 Ke8 31. a4 Kf7 32. b3 Rg8 33. g5 Rh8 34. Ke2 Kg6 35. Re3 Bxg5 36. Rxe6+ Kf5 37. Be5 h3 0-1

[Event "SUI-chT"]
[Site "Switzerland"]
[Date "2004.09.06"]
[Round "7.5"]
[White "Zenklusen, Rico"]
[Black "Gruenenwald, Joerg"]
[Result "1/2-1/2"]
[WhiteElo "2306"]
[BlackElo "2353"]
[PlyCount "45"]
[EventDate "2004.02.29"]
[EventType "team-tourn"]
[EventRounds "9"]
[EventCountry "SUI"]
[SourceTitle "EXT 2005"]
[Source "ChessBase"]
[SourceDate "2004.11.15"]
[SourceVersion "1"]
[SourceVersionDate "2004.11.15"]
[SourceQuality "1"]
[WhiteTeam "Bern"]
[BlackTeam "Zuerich"]
[WhiteTeamCountry "SUI"]
[BlackTeamCountry "SUI"]

1. e4 c5 2. Nf3 d6 3. d4 cxd4 4. Nxd4 Nf6 5. Nc3 a6 6. Bg5 e6 7. f4 Be7 8. Qf3 h6 9. Bh4 Qc7 10. 0-0-0 Nbd7 11. Be2 Rb8 12. Qg3 Rg8 13. Rhf1 b5 14. e5 dxe5 15. Nxe6 fxe6 16. Qg6+ Kd8 17. f5 exf5 18. Qf7 Re8 19. Qxg7 b4 20. Bxf6 bxc3 21. Bxe7+ Rxe7 22. Qf8+ Re8 23. Qf6+ 1/2-1/2

[Event "SUI-chT"]
[Site "Switzerland"]
[Date "2003.09.06"]
[Round "6.6"]
[White "Masserey, Yvan"]
[Black "Zenklusen, Rico"]
[Result "1/2-1/2"]
[WhiteElo "2334"]
[BlackElo "2297"]
[PlyCount "36"]
[EventDate "2003.03.23"]
[EventType "team-tourn"]
[EventRounds "9"]
[EventCountry "SUI"]
[SourceTitle "EXT 2004"]
[Source "ChessBase"]
[SourceDate "2003.11.25"]
[SourceVersion "1"]
[SourceVersionDate "2003.11.25"]
[SourceQuality "1"]
[WhiteTeam "Biel"]
[BlackTeam "Bern"]
[WhiteTeamCountry "SUI"]
[BlackTeamCountry "SUI"]

1. e4 c6 2. d4 d5 3. exd5 cxd5 4. Bd3 Nc6 5. c3 Nf6 6. Bg5 Ne4 7. Bxe4 dxe4 8. d5 Ne5 9. Qa4+ Qd7 10. Qxe4 Qf5 11. Qxf5 Bxf5 12. Nf3 Nd3+ 13. Ke2 Nxb2 14. Nbd2 Bd3+ 15. Ke3 e6 16. dxe6 Bc5+ 17. Nd4 fxe6 18. Bf4 0-0 1/2-1/2

[Event "Bodensee-Cup 9th"]
[Site "Pfullendorf"]
[Date "2003.05.04"]
[Round "3.11"]
[White "Zenklusen, Rico"]
[Black "Schneider, Bernd2222"]
[Result "1-0"]
[WhiteElo "2279"]
[BlackElo "2224"]
[PlyCount "93"]
[EventDate "2003.05.02"]
[EventType "team-tourn"]
[EventRounds "3"]
[EventCountry "GER"]
[SourceTitle "CBM 094 Extra"]
[Source "ChessBase"]
[SourceDate "2003.07.09"]
[SourceVersion "2"]
[SourceVersionDate "2003.07.09"]
[SourceQuality "1"]

1. e4 c5 2. Nf3 e6 3. d4 cxd4 4. Nxd4 a6 5. Nc3 Qc7 6. g3 Be7 7. Bg2 Nf6 8. 0-0 Nc6 9. Re1 d6 10. Nxc6 bxc6 11. e5 dxe5 12. Rxe5 0-0 13. Qe1 Bb7 14. Na4 Bd6 15. Re2 c5 16. Bxb7 Qxb7 17. c4 e5 18. b3 Rfe8 19. Bg5 Nd7 20. Rd1 Re6 21. Rd5 Qc6 22. Qd1 a5 23. Red2 Ra6 24. Be3 f5 25. f3 f4 26. Bf2 fxg3 27. hxg3 e4 28. fxe4 Nf6 29. e5 Bxe5 30. Nxc5 Bxg3 31. Bxg3 Nxd5 32. Rxd5 Rg6 33. Nxa6 h6 34. Kh2 Qxa6 35. Rd8+ Kh7 36. Rd6 Rxd6 37. Qxd6 Qb7 38. Qd3+ Kh8 39. Qd8+ Kh7 40. Qd3+ Kh8 41. Be5 Qf7 42. Qg3 Qh5+ 43. Kg1 Qd1+ 44. Kf2 Qd2+ 45. Kf3 Qd3+ 46. Kf4 Qd2+ 47. Ke4 1-0

[Event "SUI-chT"]
[Site "Switzerland"]
[Date "2003.03.02"]
[Round "1.8"]
[White "Milosevic, Goran"]
[Black "Zenklusen, Rico"]
[Result "0-1"]
[WhiteElo "2339"]
[BlackElo "2297"]
[PlyCount "116"]
[EventDate "2003.03.23"]
[EventType "team-tourn"]
[EventRounds "9"]
[EventCountry "SUI"]
[SourceTitle "EXT 2004"]
[Source "ChessBase"]
[SourceDate "2003.11.25"]
[SourceVersion "1"]
[SourceVersionDate "2003.11.25"]
[SourceQuality "1"]
[WhiteTeam "Sorab"]
[BlackTeam "Bern"]
[WhiteTeamCountry "SUI"]
[BlackTeamCountry "SUI"]

1. e4 c6 2. Nc3 d5 3. Qf3 dxe4 4. Nxe4 Nd7 5. d4 Ngf6 6. Bd3 Nxe4 7. Qxe4 Nf6 8. Qh4 Bf5 9. Bxf5 Qa5+ 10. c3 Qxf5 11. Ne2 e6 12. 0-0 Be7 13. Qg3 0-0 14. Qc7 Qb5 15. Qxe7 Nd5 16. a4 Qa6 17. Qg5 Qxe2 18. Qg3 Kh8 19. f3 Rac8 20. Re1 Qc2 21. Qf2 Qxf2+ 22. Kxf2 h6 23. Bd2 c5 24. dxc5 Rxc5 25. Red1 a6 26. Be3 Rc6 27. Bd4 Kg8 28. g3 f6 29. Ke2 g5 30. Bf2 Kf7 31. Rd4 Rfc8 32. h4 Rc4 33. hxg5 hxg5 34. Rxc4 Rxc4 35. Kd3 Rc8 36. Rh1 Kg6 37. a5 Ne7 38. b4 Rd8+ 39. Kc2 Nc6 40. Bc5 Rc8 41. Bd6 Nd4+ 42. Kd3 Nxf3 43. c4 Rd8 44. c5 Ne5+ 45. Kc3 Nf7 46. Bc7 Rd7 47. Bb8 e5 48. Rh2 g4 49. Rd2 Rxd2 50. Kxd2 Nd8 51. Kc3 Nc6 52. Bc7 Kf7 53. Kc4 Ke6 54. b5 axb5+ 55. Kxb5 Kd5 56. Kb6 f5 57. Kxb7 f4 58. gxf4 g3 0-1